| 000 | 00633nam a22001577a 4500 | ||
|---|---|---|---|
| 008 | 140902b xxu||||| |||| 00| 0 eng d | ||
| 020 | _a0406090424 | ||
| 050 | _aKD275.3.L39(1873-75 vol. 5-6) | ||
| 245 |
_aThe Law Reports (1873-75 vol. 5-6) Privy Council: Privy Council Appeals, Cases heard and determined by the Judicial Committee and the Lords of Her Majesty's most Honorable Privy Council. / _cReported by W. Macpherson |
||
| 260 |
_aLondon: _bButterworth, _c1873. |
||
| 300 |
_axii, 476 pagings _c24cm. |
||
| 440 |
_pAppeal cases, 1873-1875 _vVol. 5&6 |
||
| 700 | _aMacpherson, W. | ||
| 800 | _aMacpherson, W. | ||
| 942 |
_2lcc _cBK |
||
| 999 |
_c3993 _d11493 |
||